Report on the recommendations of the workshop on the conservation and sustainable use of pollinators in agriculture with emphasis on bees (Registro nro. 2068)

Detalles MARC
000 -CABECERA
Campo de control 00995nam a2200289 a 4500
005 - FECHA Y HORA DE LA ULTIMA TRANSACCION
Campo de control 20200104041527.0
008 - ELEMENTOS DE LONGITUD FIJA—INFORMACION GENERAL
Campo de control 140304b1999 bl ||||| |||| 00| 0 eng d
040 ## - FUENTE DE CATALOGACIÓN
Agencia catalogadora original CO-BoIAVH
Agencia transcriptora CO-BoIAVH
041 ## - IDIOMA
Código de idioma para texto/pista de sonido o título separado Inglés
044 ## - PAÍS DE PUBLICACIÓN
País de publicación Brasil
082 #4 - NUMERO DE CLASIFICACION DECIMAL DEWEY
Número de clasificación 595.715
Número del ítem D22r
090 ## - CLASIFICACIÓN LOCAL
Colección LB
Consecutivo 01901
100 1# - ASIENTO PRINCIPAL--NOMBRE PERSONAL
Nombre personal Días F., Braulio S.
245 1# - MENCION DE TITULO
Título Report on the recommendations of the workshop on the conservation and sustainable use of pollinators in agriculture with emphasis on bees
Mención de responsabilidad International Pollinators Iniciative: the Sao Paulo Declaration on Pollinators
260 ## - PUBLICACION, DISTRIBUCION, ETC. (PIE DE IMPRENTA)
Lugar de publicación, distribución, etc. Brasilia
Nombre del editor, distribuidor, etc. MMA
Fecha de publicación, distribución, etc. 1999
300 ## - DESCRIPCION FISICA
Extensión 51 paginas.
650 ## - ASIENTO SECUNDARIO DE MATERIA - TERMINO TEMATICO
Término temático o nombre geográfico como elemento de entrada Conservación de biodiversidad
650 #4 - ASIENTO SECUNDARIO DE MATERIA - TERMINO TEMATICO
Término temático o nombre geográfico como elemento de entrada Uso sostenible
650 #4 - ASIENTO SECUNDARIO DE MATERIA - TERMINO TEMATICO
Término temático o nombre geográfico como elemento de entrada Polinizadores
650 #4 - ASIENTO SECUNDARIO DE MATERIA - TERMINO TEMATICO
Término temático o nombre geográfico como elemento de entrada Agricultura
650 #4 - ASIENTO SECUNDARIO DE MATERIA - TERMINO TEMATICO
Término temático o nombre geográfico como elemento de entrada Abejas
650 #4 - ASIENTO SECUNDARIO DE MATERIA - TERMINO TEMATICO
Término temático o nombre geográfico como elemento de entrada Servicios ambientales
650 #4 - ASIENTO SECUNDARIO DE MATERIA - TERMINO TEMATICO
Término temático o nombre geográfico como elemento de entrada Polinización
700 ## - ASIENTO SECUNDARIO - NOMBRE PERSONAL
Nombre personal Raw, Anthony
700 ## - ASIENTO SECUNDARIO - NOMBRE PERSONAL
Nombre personal Imperatriz Fonseca, Vera L.
942 ## - ELEMENTOS ADICIONALES (KOHA)
Tipo de ítem Libro
Koha issues (borrowed), all copies 3
Sistema de clasificación Dewey Decimal Classification
Existencias
Withdrawn status Lost status Sistema de Clasificación Damaged status No para préstamo Colección Inventariado Ubicación Permanente Ubicación actual Fecha de adquisición Fuente de Valor Total Checkouts Número topográfico Inventario / Código de Barras Date last seen Ejemplar Price effective from Forma de adquisición Tipo de material
    Local     General Inventariado 2017 Bogotá Bogotá 29/01/2001 Baptiste, Luis Guillermo   LB-01901 002564 04/12/2012 Ej. 2 04/12/2012 Donación Informe Técnico